000 00297nam a2200121Ia 4500
005 20251222140025.0
008 251222s1900||||xx |||||||||||||| ||spa||
082 _a176/D44
245 0 _aAnticoncepción Quirúrgica voluntaria:
250 _a3a.ed.
264 _bDefensoria del Pueblo
942 _cLIB
999 _c2768
_d2768